KOHA-Header-6

پھر چلا مسافر: افغانستان کے پانچ سفر (Record no. 14062)

000 -LEADER
fixed length control field 00373nam a22001217a 4500
020 ## - INTERNATIONAL STANDARD BOOK NUMBER
ISBN 9789696522270
082 ## - DEWEY DECIMAL CLASSIFICATION NUMBER
Classification number 915.49
100 ## - MAIN ENTRY--AUTHOR NAME
Personal name ڈاکٹر محمد مشتاق احمد مانگٹ
245 ## - TITLE STATEMENT
Title پھر چلا مسافر: افغانستان کے پانچ سفر
260 ## - PUBLICATION, DISTRIBUTION, ETC. (IMPRINT)
Place of publication لاہور
Name of publisher جمہوری پبلیکیشنز
Year of publication 2024
300 ## - PHYSICAL DESCRIPTION
Number of Pages صفحات 600
942 ## - ADDED ENTRY ELEMENTS (KOHA)
Koha item type Books
Holdings
Withdrawn status Lost status Collection code Permanent Location Current Location Shelving location Date acquired Full call number Accession Number Koha item type
    Urdu Literature MAJU MAJU Shelf No.A12 2025-09-05 915.49 11157 Books

Powered by Koha